[Event "Titled Tuesday intern op 24th May Early"]
[Site "Chess.com INT"]
[Date "2022.05.24"]
[Round "1"]
[White "Brashaw, Daniel"]
[Black "Matlakov, Maxim"]
[Result "0-1"]
[WhiteElo "2162"]
[BlackElo "2674"]
[PlyCount "36"]
[EventDate "2022.05.24"]
[EventType "swiss (blitz)"]
[EventRounds "11"]
[EventCountry "USA"]
[SourceTitle "EXT 2023"]
[Source "ChessBase"]
[SourceDate "2022.10.05"]
[SourceVersion "1"]
[SourceVersionDate "2022.10.05"]
[SourceQuality "1"]

1. e4 e6 2. d4 d5 3. Nc3 Nf6 4. Bg5 dxe4 5. Nxe4 Be7 6. Bxf6 Bxf6 7. Nf3 0-0 8. g3 b6 9. Bg2 Bb7 10. Qd3 Nd7 11. 0-0-0 c5 12. Nxf6+ Qxf6 13. Kb1 Rfd8 14. Qe2 cxd4 15. Rxd4 Bxf3 16. Bxf3 Qxd4 17. Bxa8 Rxa8 18. Rd1 Qe5 0-1

[Event "US Open-116"]
[Site "Phoenix"]
[Date "2015.08.05"]
[Round "5"]
[White "Brashaw, Daniel"]
[Black "Hong, Andrew Z"]
[Result "0-1"]
[WhiteElo "2055"]
[BlackElo "2108"]
[PlyCount "82"]
[EventDate "2015.08.01"]
[EventType "swiss"]
[EventRounds "9"]
[EventCountry "USA"]
[SourceTitle "CBM 167 Extra"]
[Source "ChessBase"]
[SourceDate "2015.09.14"]
[SourceVersion "1"]
[SourceVersionDate "2015.09.14"]
[SourceQuality "1"]

1. e4 c5 2. Nf3 d6 3. d4 cxd4 4. Nxd4 Nf6 5. Nc3 a6 6. Be3 e5 7. Nb3 Be6 8. f3 h5 9. Qd2 Nbd7 10. a4 Rc8 11. a5 Be7 12. Nd5 Nxd5 13. exd5 Bf5 14. c4 e4 15. Nd4 Bh7 16. f4 Nc5 17. b4 Nd3+ 18. Bxd3 exd3 19. Rc1 Bh4+ 20. g3 Bf6 21. 0-0 Be4 22. f5 0-0 23. Nb3 Re8 24. Bb6 Qe7 25. Bd4 Bg5 26. Be3 Bxe3+ 27. Qxe3 Qf6 28. Qf2 Re5 29. Nd4 Qg5 30. Qf4 Qxf4 31. gxf4 Ree8 32. Rfd1 Bxd5 33. Rxd3 Rxc4 34. Rcd1 Rxb4 35. f6 Be4 36. Rg3 g6 37. f5 Ra4 38. fxg6 fxg6 39. Rc3 Rf8 40. Re3 d5 41. Rb3 Rxf6 0-1

[Event "US Open-116"]
[Site "Phoenix"]
[Date "2015.08.04"]
[Round "4"]
[White "Fitch, Michael D"]
[Black "Brashaw, Daniel"]
[Result "0-1"]
[WhiteElo "2025"]
[BlackElo "2055"]
[PlyCount "72"]
[EventDate "2015.08.01"]
[EventType "swiss"]
[EventRounds "9"]
[EventCountry "USA"]
[SourceTitle "CBM 167 Extra"]
[Source "ChessBase"]
[SourceDate "2015.09.14"]
[SourceVersion "1"]
[SourceVersionDate "2015.09.14"]
[SourceQuality "1"]

1. Nf3 c5 2. g3 Nc6 3. Bg2 g6 4. 0-0 Bg7 5. e4 e6 6. d3 Nge7 7. Nc3 0-0 8. Nh4 d5 9. f4 d4 10. Ne2 Rb8 11. g4 f5 12. gxf5 exf5 13. e5 Be6 14. Nf3 h6 15. h4 Nd5 16. h5 g5 17. fxg5 f4 18. gxh6 Bxh6 19. c3 Ne3 20. Bxe3 fxe3 21. cxd4 cxd4 22. Rc1 Qd7 23. Qe1 Bf5 24. Rxc6 bxc6 25. Nfxd4 Bxd3 26. Rf6 Rxf6 27. exf6 Rxb2 28. Qg3+ Kh7 29. Bxc6 Qf7 30. Qf3 Bxe2 31. Nxe2 Bg5 32. Qe4+ Kh6 33. Ng3 Bxf6 34. Nf5+ Kg5 35. Nxe3 Bd4 36. Kh1 Qxh5+ 0-1

[Event "US Open-115"]
[Site "Orlando"]
[Date "2014.08.02"]
[Round "8"]
[White "Brashaw, Daniel"]
[Black "Liao, Yu Hao"]
[Result "1-0"]
[WhiteElo "2061"]
[BlackElo "1824"]
[PlyCount "57"]
[EventDate "2014.07.26"]
[EventType "swiss"]
[EventRounds "9"]
[EventCountry "USA"]
[SourceTitle "CBM 161 Extra"]
[Source "ChessBase"]
[SourceDate "2014.08.29"]
[SourceVersion "1"]
[SourceVersionDate "2014.08.29"]
[SourceQuality "1"]

1. e4 c5 2. Nf3 d6 3. d4 cxd4 4. Nxd4 Nf6 5. Nc3 a6 6. Be3 e5 7. Nb3 Be6 8. f3 h5 9. Qd2 Nbd7 10. f4 b5 11. Bd3 Rc8 12. f5 Bc4 13. h3 b4 14. Nd5 Nxe4 15. Bxe4 Qh4+ 16. Bf2 Qxe4+ 17. Ne3 Be7 18. 0-0-0 Bg5 19. Kb1 0-0 20. Rhe1 Bxb3 21. axb3 Bxe3 22. Bxe3 Qxf5 23. g4 hxg4 24. hxg4 Qg6 25. Rh1 Rfd8 26. Bg5 f6 27. Qd5+ Kf8 28. Qe6 Qxc2+ 29. Ka2 1-0

[Event "US Open-115"]
[Site "Orlando"]
[Date "2014.07.31"]
[Round "6"]
[White "Brashaw, Daniel"]
[Black "Watson, John L"]
[Result "1/2-1/2"]
[WhiteElo "2061"]
[BlackElo "2319"]
[PlyCount "51"]
[EventDate "2014.07.26"]
[EventType "swiss"]
[EventRounds "9"]
[EventCountry "USA"]
[SourceTitle "CBM 161 Extra"]
[Source "ChessBase"]
[SourceDate "2014.08.29"]
[SourceVersion "1"]
[SourceVersionDate "2014.08.29"]
[SourceQuality "1"]

1. e4 e6 2. d4 d5 3. Nc3 Bb4 4. e5 c5 5. a3 Bxc3+ 6. bxc3 Ne7 7. Qg4 0-0 8. Bd3 Nbc6 9. Qh5 Ng6 10. Nf3 Qc7 11. 0-0 c4 12. Be2 f6 13. exf6 Rxf6 14. Bg5 Rf5 15. Nh4 Nxh4 16. Qxh4 e5 17. Qg3 Qf7 18. Be3 h5 19. h4 Bd7 20. Rfe1 Re8 21. Rad1 exd4 22. cxd4 Rf6 23. Qg5 Rf5 24. Qg3 Rf6 25. Qg5 Rf5 26. Qg3 1/2-1/2

[Event "US Open-115"]
[Site "Orlando"]
[Date "2014.07.31"]
[Round "3"]
[White "Henley, Ron W"]
[Black "Brashaw, Daniel"]
[Result "0-1"]
[WhiteElo "2415"]
[BlackElo "2061"]
[PlyCount "72"]
[EventDate "2014.07.26"]
[EventType "swiss"]
[EventRounds "9"]
[EventCountry "USA"]
[SourceTitle "CBM 161 Extra"]
[Source "ChessBase"]
[SourceDate "2014.08.29"]
[SourceVersion "1"]
[SourceVersionDate "2014.08.29"]
[SourceQuality "1"]

1. e4 c5 2. c3 e6 3. d4 cxd4 4. cxd4 d5 5. e5 Nc6 6. Nf3 Nge7 7. a3 Nf5 8. b4 Qb6 9. Bb2 Be7 10. h4 h5 11. Bd3 Bd7 12. Bxf5 exf5 13. Nc3 Be6 14. Qd2 Rc8 15. g3 Nb8 16. 0-0 Nd7 17. Rfc1 0-0 18. Ne2 Rfe8 19. Nf4 g6 20. Rc5 Nxc5 21. dxc5 Qa6 22. Nd4 Kh7 23. a4 Qc4 24. Rc1 Qa2 25. Ra1 Qc4 26. Ba3 Qa6 27. a5 Bd7 28. Nxd5 Bd8 29. Re1 Bc6 30. Nf4 Bc7 31. e6 Qc4 32. Bc1 Red8 33. exf7 Rxd4 34. Re7 Rf8 35. Nd3 f4 36. Rxc7 Rxd3 0-1

[Event "US Open-115"]
[Site "Orlando"]
[Date "2014.07.30"]
[Round "2"]
[White "Brashaw, Daniel"]
[Black "Antler, Arthur S"]
[Result "1-0"]
[WhiteElo "2061"]
[BlackElo "1955"]
[PlyCount "65"]
[EventDate "2014.07.26"]
[EventType "swiss"]
[EventRounds "9"]
[EventCountry "USA"]
[SourceTitle "CBM 161 Extra"]
[Source "ChessBase"]
[SourceDate "2014.08.29"]
[SourceVersion "1"]
[SourceVersionDate "2014.08.29"]
[SourceQuality "1"]

1. e4 c5 2. Nf3 e6 3. d4 cxd4 4. Nxd4 a6 5. Bd3 Qb6 6. Nb3 Qc7 7. 0-0 Nf6 8. Nc3 b5 9. a3 Bb7 10. Qe2 Be7 11. f4 d6 12. Kh1 e5 13. fxe5 dxe5 14. Be3 Nbd7 15. Rad1 0-0 16. Qf3 Nc5 17. Nxc5 Bxc5 18. Bh6 Qc6 19. Bg5 Be7 20. Qg3 Nh5 21. Qh4 f6 22. Nd5 Qe8 23. Nxe7+ Qxe7 24. Bd2 Qf7 25. Be2 g6 26. h3 Bxe4 27. Bxh5 f5 28. Bf3 Bxc2 29. Bxa8 Bxd1 30. Rxd1 Rxa8 31. Bh6 Qc4 32. Qe7 Qf7 33. Rd8+ 1-0

[Event "US Open-115"]
[Site "Orlando"]
[Date "2014.07.29"]
[Round "4"]
[White "Brashaw, Daniel"]
[Black "Gurevich, Dmitry"]
[Result "0-1"]
[WhiteElo "2061"]
[BlackElo "2479"]
[PlyCount "84"]
[EventDate "2014.07.26"]
[EventType "swiss"]
[EventRounds "9"]
[EventCountry "USA"]
[SourceTitle "CBM 161 Extra"]
[Source "ChessBase"]
[SourceDate "2014.08.29"]
[SourceVersion "1"]
[SourceVersionDate "2014.08.29"]
[SourceQuality "1"]

1. e4 c5 2. Nf3 d6 3. d4 cxd4 4. Nxd4 Nf6 5. Nc3 Nc6 6. Be2 g6 7. Be3 Bg7 8. 0-0 0-0 9. Qd2 Ng4 10. Bxg4 Bxg4 11. h3 Bd7 12. Nxc6 bxc6 13. f4 Rb8 14. Rab1 Rb4 15. a3 Bxc3 16. Qxc3 Rxe4 17. f5 Bxf5 18. Bh6 Qb6+ 19. Kh1 Qd4 20. Bxf8 Qxc3 21. bxc3 Kxf8 22. Rb8+ Kg7 23. Rb7 Re2 24. Kg1 a5 25. Rf2 Re1+ 26. Rf1 Re2 27. Rf2 Re1+ 28. Rf1 Re5 29. Rf2 h5 30. Ra7 Be4 31. h4 f5 32. Rd2 Kf6 33. Kf2 Rc5 34. c4 Rxc4 35. Rxa5 Bxc2 36. Ra8 c5 37. Rb8 Be4 38. Ra2 Rc1 39. a4 c4 40. a5 c3 41. a6 c2 42. Rc8 Rb1 0-1